Online
Catalog

Maquinismo y bienestar / (Record no. 20937)

MARC details
000 -CABECERA
campo de control de longitud fija 00673nam a2200205 a 4500
001 - NÚMERO DE CONTROL
campo de control 000021437
005 - FECHA Y HORA DE LA ÚLTIMA TRANSACCIÓN
campo de control 20200930011328.0
008 - DATOS DE LONGITUD FIJA--INFORMACIÓN GENERAL
campo de control de longitud fija 100907s1955 sp r 000 | spa d
040 ## - FUENTE DE LA CATALOGACIÓN
Centro catalogador/agencia de origen DO-SdBNP
Lengua de catalogación spa
Centro/agencia transcriptor BNPHU
082 ## - NÚMERO DE LA CLASIFICACIÓN DECIMAL DEWEY
Número de clasificación xxx
Número de documento/Ítem F773m
049 ## - FONDOS LOCALES (OCLC)
Fondos de biblioteca BNGR
100 1# - ENTRADA PRINCIPAL--NOMBRE DE PERSONA
Nombre de persona Fourastié, Jean
Fechas asociadas al nombre 1907-1990
9 (RLIN) 44728
240 #0 - TÍTULO UNIFORME
Título uniforme Machinisme et bien-être
Lenguaje de la obra español
245 10 - MENCIÓN DE TÍTULO
Título Maquinismo y bienestar /
Mención de responsabilidad, etc. Jean Fourastié.
260 ## - PUBLICACIÓN, DISTRIBUCIÓN, ETC.
Lugar de publicación, distribución, etc. Barcelona :
Nombre del editor, distribuidor, etc. Argos,
Fecha de publicación, distribución, etc. 1955.
300 ## - DESCRIPCIÓN FÍSICA
Extensión 362 p., :
Otras características físicas il. ;
Dimensiones 18 cm.
500 ## - NOTA GENERAL
Nota general Incluye notas y referencias al pie de páginas
500 ## - NOTA GENERAL
Nota general Incluye bibliografía e índice de materias
534 ## - NOTA SOBRE LA VERSIÓN ORIGINAL
Encabezamiento principal del original Título original :
Mención de título del original Machinisme et bien-être
Holdings
Estado de retiro Estado de pérdida Restricciones de uso No para préstamo Código de colección Localización permanente Ubicación/localización actual Ubicación en estantería Fecha de adquisición Número de inventario Total de préstamos Signatura topográfica completa Código de barras Fecha visto por última vez Precio válido a partir de Tipo de ítem Koha
      Excluido de préstamo Monografías: Libros y Folletos General General En catalogación 07.09.2010 LF1   xxx F773m 21437-10 25.06.2020 25.06.2020 No se presta

Powered by Koha